Most Republican U.S. States - Statistics

General Stats
  • This quiz has been taken 29 times
  • The average score is 7 of 10
Answer Stats
Voted Republican Since GOP Advantage Answer % Correct
1980 R+15 Alabama
89%
1952 R+25 Wyoming
89%
1952 R+18 Idaho
79%
1964 R+16 South Dakota
75%
2000 R+16 Kentucky
71%
1968 R+20 North Dakota
71%
2000 R+14 Tennessee
71%
2000 R+16 Arkansas
64%
2000 R+22 West Virginia
61%
1952 R+20 Oklahoma
54%
No matching quizzes found
Score Distribution
Percent of People with Each Score
Percentile by Number Answered
Your Score History
You have not taken this quiz